Για ένα φτωχό θέατρο : ζητήματα αισθητικής και σημειωτικής

Saved in:
Bibliographic Details
Main Author: Grotowski, Jerry, 1933-1999
Other Authors: Μηλτιάδης, Κώστας (Translator)
Format: Book
Language:Greek
English
Published: Αθήνα : Δ. Κοροντζής, 2010.
Subjects:
Tags: Add Tag
No Tags, Be the first to tag this record!

MARC

LEADER 00000cam a2200000 i 4500
001 1/68163
008 150302s2010 gr | ||| |||| ||gre||
020 |a 9608031821 
035 |l 10121300 
040 |a GR-MyUA  |b gre  |e AACR2 
041 1 |a gre  |h eng 
082 0 |a 792.028  |2 (23) 
100 1 |a Grotowski, Jerry,   |d 1933-1999. 
245 1 0 |a Για ένα φτωχό θέατρο :   |b ζητήματα αισθητικής και σημειωτικής /   |c Γιέρζι Γκροτόφσκι ; πρόλογος Πήτερ Μπρουκ ; μεταφραση Κώστα Μηλτιάδης.  
260 |a Αθήνα :   |b Δ. Κοροντζής,   |c 2010.  
300 |a 316 σ. :   |b εικ. ;   |c 21 εκ.  
500 |a Τίτλος πρωτοτύπου: Towards a poor theatre.  
650 0 0 |a Acting. 
650 0 0 |a Theater. 
700 1 |a Μηλτιάδης, Κώστας,  |e trl 
852 |a INST  |b SAMOS  |e 20150302  |h 792.028 GRO  |p 005300041882  |q 005300041882  |t BK  |y 0 
901 |a BIBL3-2015-1 
909 |a Σ  |b 189567 
922 |a 3ΕΛΗ  |b 201405  |c ΤΣΑΧΜ  |d BEST BOOK HUNTERS 
970 |a ΚΟΣΙΕΡΗΣ  |b ΧΡΗΣΤΟΣ  |z 2015/03/02